[Event "Sparta ESPPEP-ch op 13th"]
[Site "Sparta"]
[Date "2017.04.02"]
[Round "5.5"]
[White "Avdouli, Evangelia"]
[Black "Stamoulis, Kleanthis"]
[Result "1-0"]
[WhiteElo "1625"]
[BlackElo "1540"]
[PlyCount "49"]
[EventDate "2017.03.31"]
[EventType "swiss"]
[EventRounds "5"]
[EventCountry "GRE"]
[SourceTitle "EXT 2024"]
[Source "ChessBase"]
[SourceDate "2023.10.10"]
[SourceVersion "1"]
[SourceVersionDate "2023.10.10"]
[SourceQuality "1"]

1. e4 c5 2. f4 d6 3. Nf3 e6 4. c3 Nf6 5. Be2 Be7 6. 0-0 0-0 7. d3 Nc6 8. Qe1 e5 9. f5 d5 10. exd5 Nxd5 11. g4 b5 12. Bd1 Qd6 13. Bc2 Re8 14. c4 Ndb4 15. Qe2 Nxc2 16. Qxc2 Nd4 17. Qf2 bxc4 18. dxc4 Bb7 19. Nxd4 Bh4 20. Qxh4 Qxd4+ 21. Qf2 Qxg4+ 22. Qg3 Qd4+ 23. Be3 Qxb2 24. Nd2 Bc6 25. f6 1-0